UM Logo

Top choices in tax software: (Record no. 15874)

MARC details
000 -LEADER
fixed length control field 00600nam a2200157 4500
008 - FIXED-LENGTH DATA ELEMENTS--GENERAL INFORMATION
fixed length control field 201217b ||||| |||| 00| 0 eng d
022 ## - INTERNATIONAL STANDARD SERIAL NUMBER
International Standard Serial Number 0732-8435
082 ## - DEWEY DECIMAL CLASSIFICATION NUMBER
Classification number DPer 657.05 C33 Sept - Mar 2015, v. 85 - 86
100 ## - MAIN ENTRY--PERSONAL NAME
9 (RLIN) 42692
Personal name Anders, Susan B.
245 ## - TITLE STATEMENT
Title Top choices in tax software:
Remainder of title 2015 annual survey of new York State practitioner/
Statement of responsibility, etc. Susan B. Anders and Carol M. Fischer.
260 ## - PUBLICATION, DISTRIBUTION, ETC. (IMPRINT)
Place of publication, distribution, etc. New York:
Name of publisher, distributor, etc. The New York State Society of CPA,
Date of publication, distribution, etc. ©2015.
300 ## - PHYSICAL DESCRIPTION
Extent v85 n11, pages 22-35:
Other physical details illustrations;
Dimensions 28 cm.
650 ## - SUBJECT ADDED ENTRY--TOPICAL TERM
Topical term or geographic name as entry element Taxation.
9 (RLIN) 42693
700 ## - ADDED ENTRY--PERSONAL NAME
Personal name Fischer, C. M.
9 (RLIN) 42697
942 ## - ADDED ENTRY ELEMENTS (KOHA)
Source of classification or shelving scheme Dewey Decimal Classification
Koha item type Periodicals
Holdings
Withdrawn status Lost status Source of classification or shelving scheme Damaged status Not for loan Collection code Home library Current library Date acquired Total Checkouts Full call number Date last seen Price effective from Koha item type Public note
    Dewey Decimal Classification     Periodicals UM Digos College - LIC UM Digos College - LIC 12/21/2020   DPer 657.05 C33 Sept - Mar 2015, v. 85 - 86 12/21/2020 12/21/2020 Periodicals Periodical article